| 000 | 01490cam a22002415a 4500 | ||
|---|---|---|---|
| 001 | L158839 | ||
| 008 | 150809s2015 xxk f 000 0 eng d | ||
| 035 | _a(Sirsi) u158839 | ||
| 041 | 0 | _aeng | |
| 110 | 2 |
_aUnited Kingdom _bDepartment for Business, Innovation and Skills _95760 |
|
| 245 | 0 | 0 |
_aSunday trading _bConsultation on devolving Sunday trading rules _h[electronic resource] |
| 260 |
_aLondon _bBIS _c2015 |
||
| 520 | _aConsultation on proposals to devolve Sunday trading rules in England to local areas, such as cities run by elected mayors and/or local authorities. This would give them greater control of their local economy and improve the wellbeing of local citizens. There are no plans to make any changes to the restrictons on trading on Christmas Day or Easter Sunday. Currently under the Sunday Trading Act 1994 stores with a relevant floor area of over 280 square metres / 3000 square feet (large stores) have restricted opening hours on a Sunday, but smaller stores can open all day. | ||
| 590 | _aKA | ||
| 650 | 2 | 4 | _aSUNDAY TRADING ACT 1994 |
| 650 | 2 | 4 | _aDEVOLUTION |
| 650 | 2 | 4 | _aRETAIL |
| 651 | 4 |
_aEngland _y886- |
|
| 690 |
_aCommercial property _96227 |
||
| 710 | 1 |
_aUnited Kingdom _bDepartment for Communities and Local Government _94939 |
|
| 856 | 4 | 0 |
_uhttps://www.gov.uk/government/uploads/system/uploads/attachment_data/file/451376/BIS-15-359-consultation-on-devolving-sunday-trading-rules.pdf _zView the item free of charge from the www.gov.uk |
| 942 | _n0 | ||
| 999 |
_c115536 _d115536 |
||